| 000 | 008270000a22002770004500 | ||
|---|---|---|---|
| 001 | 29 | ||
| 003 | CO-MdFUSB | ||
| 005 | 20160318145318.0 | ||
| 008 | 160318t19301930eng |f |||| 00| 0 eng d | ||
| 010 | _aCO-MdFUSB | ||
| 040 |
_cCO-MdFUSB _erda |
||
| 041 | 0 | _aENG | |
| 082 | 0 | 4 | _aR 220.2 C9552c |
| 100 | 1 | _aCruden, Alexander (1701-1770) | |
| 245 | 1 | 0 |
_aThe winston clear type _b: Cruden´s complete concordance to the old and new testaments _c / Alexander Cruden _f1930 |
| 260 | _aChicago, USA : J.C. Winston | ||
| 264 |
_aChicago, USA _b : J.C. Winston _c1930 |
||
| 300 | _a783 Pag. | ||
| 336 | _a5 | ||
| 337 |
_2rdamedia _a2 |
||
| 338 | _a2 | ||
| 504 | _aIncluye referencias bibliográficas: páginas | ||
| 650 | 1 | 4 | _aBIBLIA - CONCORDANCIAS |
| 653 |
_aBIBLIA - CONCORDANCIAS _aBIBLIA - CONCORDANCIAS |
||
| 942 | _cBK | ||
| 999 |
_c31585 _d31585 |
||